LEADER 03580nam 2200613 450 001 9910148745703321 005 20161111155604.0 010 $a9781522510291$belectronic 010 $z9781522510284$bprint 024 7 $a10.4018/978-1-5225-1028-4 035 $a(CKB)3710000000920438 035 $a(MiAaPQ)EBC4729469 035 $a(CaBNVSL)gtp00566543 035 $a(OCoLC)962445480 035 $a(IGIG)00156638 035 $a(EXLCZ)993710000000920438 100 $a20161109d2017 fy 0 101 0 $aeng 135 $aurbn||||m|||a 181 $2rdacontent 182 $2rdamedia 183 $2rdacarrier 200 00$aApplying neuroscience to business practice /$fManuel Alonso Dos Santos, editor 210 1$aHershey, Pennsylvania :$cBusiness Science Reference,$d2017. 210 4$d©2017 215 $aPDFs (331 pages) $cillustrations 225 0 $aAdvances in Business Strategy and Competitive Advantage (ABSCA) Book Series,$x2327-3437 311 $a1-5225-1028-1 320 $aIncludes bibliographical references and index. 327 $aAssessing consumer reactions with neuroscientific measurements / Christopher Rumpf, Christoph Breuer -- Neuromarketing step by step: based on scientific publications / Erick Valencia -- Neuromarketing perspective of consumer choice / Salim Lahmiri -- Experiential marketing: searching for emotional connection with consumers in POS / Ba?rbara Aucejo Devi?s, Maria Pocovi? -- Mastering cognitive neuroscience and social neuroscience perspectives in the information age / Kijpokin Kasemsap -- Neuroscience applications in financial markets: a practitioner's perspective / Alessia Falsarone -- Interaction between the emotional and rational aspects in consumer buying process for typical food products of Italy / Luisa Sturiale, Alessandro Scuderi -- Marketing meets neuroscience: useful insights for gender subgroups during the observation of TV ads / Patrizia Cherubino [and 8 others] -- How is the personality of Facebook customers?: Cloninger's psychobiological model of temperament as a predictor of SNSs / Juan Jose Delgado -- Neuroscience applications on the assessments of TV ads / Tuna C?akar, Kaan Gez -- Neuromarketing from the perspective of advertising professionals: a battle between creatives and strategic planners / Ugur Bakir, Muge Elden, Erdem Gecit. 330 3 $a"This book provides theoretical frameworks and current empirical research in the field by highlighting scientific studies and real-world applications on how neuroscience is being utilized in business practices and marketing strategies to benefit organizations, as well as emergent business and management techniques being developed from this research"--Provided by publisher. 606 $aMarketing$xPsychological aspects 606 $aManagement$xPsychological aspects 606 $aNeurosciences 610 $aConsumer reactions 610 $aCustomer temperament 610 $aEmotional connections 610 $aExperiential marketing 610 $aFacial coding 610 $aNeuromarketing 610 $aTelevision advertisements 615 0$aMarketing$xPsychological aspects. 615 0$aManagement$xPsychological aspects. 615 0$aNeurosciences. 676 $a658.8001/9 700 $aAlonso Dos Santos$b Manuel$01249759 702 $aAlonso Dos Santos$b Manuel$f1981- 801 0$bCaBNVSL 801 1$bCaBNVSL 801 2$bCaBNVSL 906 $aBOOK 912 $a9910148745703321 996 $aApplying neuroscience to business practice$92896019 997 $aUNINA LEADER 02188nam0 22005413i 450 001 VAN0278276 005 20240731104416.901 017 70$2N$a9789811909573 100 $a20240619d2022 |0itac50 ba 101 $aeng 102 $aSG 105 $a|||| ||||| 200 1 $aˆA ‰First Course in Graph Theory and Combinatorics$fSebastian M. Cioab?, M. Ram Murty 205 $a2. ed 210 $aSingapore$cSpringer$d2022 215 $axvi, 222 p.$cill.$d24 cm 410 1$1001VAN0045994$12001 $aTexts and readings in mathematics$1210 $aNew Delhi$cHindustan ; Singapore$cSpringer$d1993-$v55 606 $a05-XX$xCombinatorics [MSC 2020]$3VANC019812$2MF 606 $a05Axx$xEnumerative combinatorics [MSC 2020]$3VANC023597$2MF 606 $a05Cxx$xGraph theory [MSC 2020]$3VANC022400$2MF 610 $aAlgebraic graph theory$9KW:K 610 $aBasic counting$9KW:K 610 $aBlock design$9KW:K 610 $aCombinatorics$9KW:K 610 $aEdges and cycles$9KW:K 610 $aExpanders$9KW:K 610 $aGraph colouring$9KW:K 610 $aGraph theory$9KW:K 610 $aInclusion and exclusion$9KW:K 610 $aMatching theory$9KW:K 610 $aMatrices$9KW:K 610 $aMöbius inversion$9KW:K 610 $aPlanar graphs$9KW:K 610 $aRamanujan graphs$9KW:K 610 $aTrees$9KW:K 620 $aSG$dSingapore$3VANL000061 700 1$aCioab?$bSebastian M.$3VANV230776$01250867 701 1$aMurty$bMaruti Ram$3VANV025155$061548 712 $aSpringer $3VANV108073$4650 790 1$aMurty, M. Ram$zMurty, Maruti Ram$3VANV230777 801 $aIT$bSOL$c20240802$gRICA 856 4 $uhttps://doi.org/10.1007/978-981-19-0957-3$zE-book ? Accesso al full-text attraverso riconoscimento IP di Ateneo, proxy e/o Shibboleth 899 $aBIBLIOTECA DEL DIPARTIMENTO DI MATEMATICA E FISICA$1IT-CE0120$2VAN08 912 $fN 912 $aVAN0278276 950 $aBIBLIOTECA DEL DIPARTIMENTO DI MATEMATICA E FISICA$d08CONS e-Book 8946 $e08eMF8946 20240701 996 $aFirst Course in Graph Theory and Combinatorics$94165538 997 $aUNICAMPANIA LEADER 01097nam a2200289 i 4500 001 991003655949707536 005 20250701154626.0 008 020830s1966 it er 000 0 ita u 035 $ab11844012-39ule_inst 035 $aLE02737482$9ExL 040 $aDip.to Studi Giuridici$bita$dSocioculturale Scs 041 0 $aita 082 0 $a945.0914092 082 04$a320.945$223 100 1 $aGiovannini, Alberto$0111410 245 13$aIl rifiuto dell'Aventino :$bl'opposizione al fascismo in Parlamento nelle memorie di un deputato liberale /$cAlberto Giovannini 260 $aBologna :$bIl Mulino,$cc1966 300 $aVII, 630 p. ;$c24 cm 490 1 $aDocumenti del nostro tempo 650 4$aFascismo$y1919-1929 830 0$aDocumenti del nostro tempo 907 $a.b11844012$b21-09-06$c20-12-02 912 $a991003655949707536 945 $aLE027 945.09 GIO01.01$g1$iLE027-10465$lle027$nDono prof. Michele Carducci$o-$pE0.00$q-$rl$s-$t0$u0$v0$w0$x0$y.i12096015$z20-12-02 996 $aRifiuto dell'Aventino$9232006 997 $aUNISALENTO 998 $ale027$b01-01-02$cm$da$e-$fita$git$h3$i1